书目信息 |
| 题名: |
辅助沟通系统之原理与运用
|
|
| 作者: | Beukelman , Mirenda 著 ;蓝玮琛 译 | |
| 分册: | ||
| 出版信息: | 台北 华腾文化股份有限公司 2014 |
|
| 页数: | 1册 | |
| 开本: | 26cm | |
| 丛书名: | ||
| 单 册: | ||
| 中图分类: | R767.92 | |
| 科图分类: | ||
| 主题词: | 语言障碍--治疗学 , 语言障碍 , 治疗学 | |
| 电子资源: | ||
| ISBN: | 978-986-5998-56-1 | |
| 000 | 01038nam0 2200265 450 | |
| 001 | 1530703940 | |
| 005 | 20150201083212.26 | |
| 010 | @a978-986-5998-56-1@dTWD600.00 | |
| 100 | @a20150107d2014 em y0chiy50 ea | |
| 101 | 1 | @achi@ceng |
| 102 | @aCN@b710000 | |
| 105 | @ay z 000yy | |
| 200 | 1 | @a辅助沟通系统之原理与运用@9fu zhu gou tong xi tong zhi yuan li yu yun yong@e支持复杂沟通需求之儿童与成人@dAugmentative and alternative communication@esupporting children and adults with complex communication needs@fDavid R. Beukelman,Pat Mirenda著@g蓝玮琛[等]译@zeng |
| 210 | @a台北@c华腾文化股份有限公司@d2014 | |
| 215 | @a1册@d26cm | |
| 510 | 1 | @aAugmentative and alternative communication@esupporting children and adults with complex communication needs@zeng |
| 606 | 0 | @a语言障碍@x治疗学 |
| 606 | 0 | @a语言障碍 |
| 606 | 0 | @a治疗学 |
| 690 | @aR767.92@v5 | |
| 701 | 1 | @aBeukelman@bDavid R.@4著 |
| 701 | 1 | @aMirenda@bPat@4著 |
| 702 | 0 | @a蓝玮琛@9lan wei chen@4译 |
| 801 | 0 | @aCN@bTSSF@c20150201 |
| 905 | @aZUCC@dR767.92@eJY1 | |
| 辅助沟通系统之原理与运用:支持复杂沟通需求之儿童与成人=Augmentative and alternative communication:supporting children and adults with complex communication needs/David R. Beukelman,Pat Mirenda著/蓝玮琛[等]译.-台北:华腾文化股份有限公司,2014 |
| 1册;26cm |
| ISBN 978-986-5998-56-1:TWD600.00 |
| ● |
| 相关链接 |
|
|
|
|
正题名:辅助沟通系统之原理与运用
索取号:R767.92/JY1
 
预约/预借
| 序号 | 登录号 | 条形码 | 馆藏地/架位号 | 状态 | 备注 |
| 1 | 7864124 | 278641249 | 学院路分馆/ [索取号:R767.92/JY1] | 在馆 |